000 00828nas a2200253 4500
001 BR2018000436
003 BR-BrBNA
005 20231205131240.0
007 ta
008 230509b bl.|||p| |||| 00| 00por d
040 _aBR-BrBNA
_bpor
_cBiblioteca Nacional de Agricultura
041 _a(En)
072 _aT01
100 1 _aFranco-de-Sá, J.F.O.
100 1 _aVal, A.L.
245 1 _aCopper toxicity for Scinax ruber and Rhinella granulosa (Amphibia: Anura)of the Amazon: potential of biotic ligand model to predict toxicity in urban streams
650 _aANFIBIO
650 _aCOBRE
650 _aTOXIDEZ
650 _aPOLUIÇÃO DA AGUA
773 0 _tActa Amazônica (Brazil)
_xISSN 0044-5967
_g(Dec 2014), v. 44(4) p. 491-498
_wBR2018000436
909 _a202311
_bLúcia
_c55
_dLúcia Elande
942 _2AGRIS
_n0
_cANA
999 _c253785
_d253785